[Event "Quebec op U1700"]
[Site "Montreal CAN"]
[Date "2016.07.29"]
[Round "8.52"]
[White "Zhong, Kevin"]
[Black "Raduica, Gheorghe"]
[Result "1-0"]
[WhiteElo "1519"]
[BlackElo "1546"]
[PlyCount "69"]
[EventDate "2016.07.23"]
[EventType "swiss"]
[EventRounds "8"]
[EventCountry "CAN"]

1. e4 c5 2. Ne2 Nc6 3. Nbc3 e6 4. d4 cxd4 5. Nxd4 Nxd4 6. Qxd4 a6 7. Be3 Ne7 8.
Be2 Nc6 9. Qd2 g6 10. O-O Qc7 11. Rad1 b5 12. Rfe1 Be7 13. Nd5 exd5 14. exd5
Qa5 15. dxc6 Qxd2 16. Rxd2 dxc6 17. Bf3 Bb7 18. Bc5 O-O 19. Rxe7 Rfe8 20. Rdd7
Rxe7 21. Rxe7 Rb8 22. Ba7 Kf8 23. Rc7 Re8 24. Kf1 Ba8 25. Bxc6 Bxc6 26. Rxc6 a5
27. Rb6 Ra8 28. Rb8+ Rxb8 29. Bxb8 a4 30. Ke2 Ke7 31. Kd3 Kd7 32. c4 Kc6 33.
cxb5+ Kxb5 34. Bd6 Kc6 35. Bf8 1-0

[Event "Quebec op U1700"]
[Site "Montreal CAN"]
[Date "2016.07.29"]
[Round "8.53"]
[White "Milosz, Jerzy"]
[Black "Houle, Sebastien"]
[Result "0-1"]
[WhiteElo "1590"]
[BlackElo "1492"]
[PlyCount "60"]
[EventDate "2016.07.23"]
[EventType "swiss"]
[EventRounds "8"]
[EventCountry "CAN"]

1. e4 d6 2. d4 Nf6 3. Nc3 g6 4. Nf3 Bg7 5. Be2 O-O 6. O-O c6 7. h3 Nbd7 8. Re1
Qc7 9. Bf4 e5 10. dxe5 dxe5 11. Be3 b5 12. a3 Rd8 13. Qc1 Bb7 14. Nh2 Nf8 15.
Rd1 Ne6 16. Rxd8+ Rxd8 17. Bxa7 Nd4 18. Bd3 c5 19. b4 cxb4 20. Nd5 Bxd5 21.
Bxd4 Bxe4 22. Be3 Bxd3 23. cxd3 Qxc1+ 24. Rxc1 bxa3 25. Nf3 e4 26. dxe4 Nxe4
27. Bb6 Rb8 28. Bd4 b4 29. Ra1 Bxd4 30. Nxd4 b3 0-1

[Event "Quebec op U1700"]
[Site "Montreal CAN"]
[Date "2016.07.29"]
[Round "8.54"]
[White "Chira, Dan"]
[Black "Plante, Marc-Eric"]
[Result "0-1"]
[WhiteElo "1447"]
[BlackElo "1633"]
[PlyCount "102"]
[EventDate "2016.07.23"]
[EventType "swiss"]
[EventRounds "8"]
[EventCountry "CAN"]

1. e4 e5 2. Nf3 Nf6 3. Nc3 Nc6 4. Bb5 Nd4 5. Bc4 Bc5 6. d3 d6 7. Bg5 h6 8. Be3
Bg4 9. Na4 b6 10. Nxc5 bxc5 11. Bxd4 cxd4 12. h3 Bd7 13. Qd2 O-O 14. c3 c5 15.
cxd4 cxd4 16. b3 Qb6 17. O-O Qd8 18. Qb4 Qb6 19. Qxb6 axb6 20. a4 Rfc8 21. Rfc1
Kf8 22. Kf1 Ke7 23. Ke1 Ne8 24. Bd5 Rxc1+ 25. Rxc1 Rc8 26. Rxc8 Bxc8 27. Bc6
Nc7 28. Nd2 Ba6 29. Nc4 Bxc4 30. bxc4 Ne6 31. h4 Nf4 32. g3 Nxd3+ 33. Ke2 Nc5
34. f3 g6 35. Bb5 f5 36. exf5 gxf5 37. Bc6 e4 38. g4 e3 39. g5 hxg5 40. hxg5 f4
41. Kd1 d3 42. g6 Kf6 43. Be8 Ne6 44. Bc6 d2 45. Bd5 Ng7 46. Bf7 Ke5 47. Ke2
Kd4 48. Bd5 Kc3 49. c5 dxc5 50. Be4 Ne6 51. Bd3 Nd4+ 0-1

[Event "Quebec op U1700"]
[Site "Montreal CAN"]
[Date "2016.07.29"]
[Round "8.55"]
[White "Charette, Nicolas"]
[Black "Yu, Xi Ming"]
[Result "0-1"]
[WhiteElo "1538"]
[BlackElo "1492"]
[PlyCount "60"]
[EventDate "2016.07.23"]
[EventType "swiss"]
[EventRounds "8"]
[EventCountry "CAN"]

1. d4 d5 2. c4 e6 3. Nc3 Nf6 4. cxd5 exd5 5. Bg5 Nbd7 6. e3 Be7 7. Bd3 h6 8.
Bh4 c6 9. Qc2 b6 10. Nf3 Bb7 11. Bxf6 Bxf6 12. e4 dxe4 13. Bxe4 O-O 14. O-O Re8
15. Rad1 Rc8 16. b4 Qc7 17. Rfe1 Nf8 18. Bf5 Rcd8 19. Rxe8 Rxe8 20. Nd5 Qd6 21.
Nxf6+ Qxf6 22. Ne5 Rd8 23. Be4 Ne6 24. Nxc6 Bxc6 25. Bxc6 Nxd4 26. Rxd4 Qxd4
27. g3 Qd1+ 28. Qxd1 Rxd1+ 29. Kg2 Ra1 30. a4 Rb1 0-1

[Event "Quebec op U1700"]
[Site "Montreal CAN"]
[Date "2016.07.29"]
[Round "8.56"]
[White "Bureau, Robert"]
[Black "Kartobi, Youcef"]
[Result "0-1"]
[WhiteElo "1445"]
[BlackElo "1534"]
[PlyCount "54"]
[EventDate "2016.07.23"]
[EventType "swiss"]
[EventRounds "8"]
[EventCountry "CAN"]

1. e4 c6 2. d4 d5 3. exd5 cxd5 4. c4 Nf6 5. Nc3 g6 6. Nf3 Bg7 7. Be2 O-O 8. O-O
Nc6 9. Bg5 dxc4 10. Bxc4 Na5 11. Bb3 Bg4 12. Be3 Nxb3 13. axb3 Nd5 14. h3 Bf5
15. Re1 Nb4 16. Ra4 a5 17. Qd2 Re8 18. Bg5 Qd7 19. Ne5 Bxe5 20. Rxe5 f6 21.
Bxf6 exf6 22. Rexa5 Rxa5 23. Rxa5 Bd3 24. Na4 Qxd4 25. Rc5 Nc6 26. Rc3 Re2 27.
Qxd3 Qxf2+ 0-1

[Event "Quebec op U1700"]
[Site "Montreal CAN"]
[Date "2016.07.29"]
[Round "8.57"]
[White "Cholette, Mario"]
[Black "Sonn, Eric"]
[Result "0-1"]
[WhiteElo "1432"]
[BlackElo "1506"]
[PlyCount "144"]
[EventDate "2016.07.23"]
[EventType "swiss"]
[EventRounds "8"]
[EventCountry "CAN"]

1. e4 c5 2. Nf3 d6 3. d4 cxd4 4. Nxd4 Nf6 5. Nc3 a6 6. Be2 b5 7. a3 Bb7 8. f3
Nbd7 9. Be3 e6 10. O-O Be7 11. Qe1 Rc8 12. Rd1 O-O 13. Bg5 h6 14. Bh4 Ne5 15.
Kh1 Nc4 16. Bxc4 Rxc4 17. e5 Ne8 18. Bxe7 Qxe7 19. Nb3 Qc7 20. exd6 Nxd6 21.
Qe5 Nf5 22. Qxc7 Rxc7 23. Rfe1 Ne7 24. Rd2 Nd5 25. Ne4 Rb8 26. Nec5 Bc8 27. Rd4
b4 28. Red1 a5 29. axb4 a4 30. Nxa4 Rxc2 31. Nbc5 Kh7 32. Nd3 Ne3 33. Ne1 Rc7
34. Rb1 e5 35. Re4 Bf5 36. Nc5 Bxe4 37. fxe4 Rd8 38. Nf3 Re7 39. Kg1 f6 40. Kf2
Nc2 41. Na6 Rb7 42. Ke2 Nxb4 43. Nxb4 Rxb4 44. Nd2 Rc8 45. Kd3 Rd4+ 46. Ke3
Rcd8 47. Nf3 Rb4 48. Nd2 Rdb8 49. b3 Kg6 50. Rc1 Ra8 51. Rc7 Ra2 52. h4 h5 53.
g3 Rxd2 54. Kxd2 Rxb3 55. Rc3 Rb8 56. Ke2 Rb2+ 57. Kf3 Rb4 58. Rc6 Rd4 59. Rb6
Rd3+ 60. Kf2 Rd7 61. Ke3 Kf7 62. Rb5 Ke6 63. Rb6+ Rd6 64. Rb7 Rd7 65. Rb1 Kf7
66. Rf1 Rd6 67. Rg1 g6 68. g4 hxg4 69. Rxg4 f5 70. exf5 gxf5 71. Ra4 Rb6 72.
Ra7+ Kg6 0-1

[Event "Quebec op U1700"]
[Site "Montreal CAN"]
[Date "2016.07.29"]
[Round "8.58"]
[White "Stoyanova, Stela"]
[Black "Cloutier, Jean-Pierre"]
[Result "0-1"]
[WhiteElo "1474"]
[BlackElo "1637"]
[PlyCount "98"]
[EventDate "2016.07.23"]
[EventType "swiss"]
[EventRounds "8"]
[EventCountry "CAN"]

1. d4 g6 2. f3 Bg7 3. e4 d6 4. b3 e5 5. d5 f5 6. Qe2 fxe4 7. fxe4 Nf6 8. Nc3
O-O 9. h3 Nh5 10. Nf3 Ng3 11. Bg5 Bf6 12. Qf2 Nxh1 13. Qh4 Bxg5 14. Nxg5 Qe7
15. O-O-O Rf4 16. Qh6 Ng3 17. Nb5 Rxf1 18. Rxf1 Nxf1 19. h4 Ng3 20. c4 c6 21.
Nxd6 Qg7 22. Qxg7+ Kxg7 23. Ne8+ Kf8 24. Nc7 h6 25. Nf3 Nxe4 26. Nxe5 cxd5 27.
cxd5 g5 28. Nxa8 Na6 29. hxg5 hxg5 30. Nc4 b5 31. Na5 Nd6 32. a4 bxa4 33. b4
Ke8 34. Kb2 Nb5 35. g3 Nxb4 36. Nc7+ Nxc7 37. Ka3 Ncxd5 38. Kxa4 Kf7 39. Nc4
Bd7+ 40. Kb3 Ke6 41. g4 Bb5 42. Nd2 Bd3 43. Nf3 Kf6 44. Nd4 Ke5 45. Nf3+ Kf4
46. Nd4 Kxg4 47. Ne6 Kh4 48. Nxg5 Kxg5 49. Ka3 Kf4 0-1

[Event "Quebec op U1700"]
[Site "Montreal CAN"]
[Date "2016.07.29"]
[Round "8.59"]
[White "Germain, Max jr"]
[Black "Shahabi, Shahab"]
[Result "0-1"]
[WhiteElo "1411"]
[BlackElo "1516"]
[PlyCount "144"]
[EventDate "2016.07.23"]
[EventType "swiss"]
[EventRounds "8"]
[EventCountry "CAN"]

1. d4 Nf6 2. c4 e6 3. Bg5 c5 4. Nc3 cxd4 5. Qxd4 Nc6 6. Qd2 Be7 7. Nf3 a6 8. a3
Na5 9. Qf4 h6 10. Bxf6 Bxf6 11. e4 Bxc3+ 12. bxc3 Nb3 13. Rb1 Nc5 14. e5 O-O
15. Be2 Qa5 16. Qc1 Qc7 17. O-O b6 18. Rd1 Bb7 19. Qe3 Bc6 20. Nd4 Rab8 21.
Nxc6 dxc6 22. Rd4 Rbd8 23. Rbd1 Rd7 24. Rxd7 Nxd7 25. Rd6 f6 26. f4 fxe5 27.
fxe5 Rf5 28. Qd4 Nxe5 29. Rxe6 Kf7 30. Rd6 Ke7 31. g4 Qxd6 32. gxf5 c5 33. Qh4+
Qf6 34. Qe4 a5 35. h4 Qd6 36. h5 Kf6 37. Qb1 Nd7 38. Qe4 Qg3+ 39. Kf1 Qh3+ 40.
Kf2 Qxf5+ 41. Qxf5+ Kxf5 42. Ke3 Ne5 43. Kd2 Ke4 44. Kc2 Ke3 45. Bf1 Kf2 46.
Bh3 Nxc4 47. Kb3 Nd6 48. a4 Ke3 49. Kc2 Nc4 50. Bf5 Nd2 51. Bd3 Nf3 52. Bg6
Ne1+ 53. Kd1 Ng2 54. Kc2 Nf4 55. Bh7 Nxh5 56. Kb3 g5 57. Kc4 g4 58. Bg8 Nf6 59.
Be6 g3 60. Bh3 Kf2 61. Kb5 Nd7 62. Kc6 g2 63. Bxg2 Kxg2 64. Kxd7 h5 65. Kc6 h4
66. Kxb6 h3 67. Kxa5 h2 68. Kb5 h1=Q 69. Kxc5 Qh5+ 70. Kb4 Kf3 71. c4 Ke4 72.
c5 Kd4 0-1

[Event "Quebec op U1700"]
[Site "Montreal CAN"]
[Date "2016.07.29"]
[Round "8.60"]
[White "Moreau, Michel"]
[Black "Piche, Guy"]
[Result "1/2-1/2"]
[WhiteElo "1428"]
[BlackElo "1649"]
[PlyCount "45"]
[EventDate "2016.07.23"]
[EventType "swiss"]
[EventRounds "8"]
[EventCountry "CAN"]

1. d4 f5 2. Nf3 Nf6 3. Bf4 e6 4. e3 b6 5. Be2 Bb7 6. O-O Be7 7. h3 O-O 8. Nbd2
Bd6 9. Ne5 Bxe5 10. Bxe5 d6 11. Bf4 Nbd7 12. Nf3 Qe8 13. Bc4 Kh8 14. Bh2 Rd8
15. Ng5 Qg6 16. Nf3 Ne4 17. Kh1 Ng5 18. Nxg5 Qxg5 19. Rg1 Rf6 20. Be2 Rg6 21.
Bf3 Be4 22. Bf4 Qh4 23. Bg3 1/2-1/2

[Event "Quebec op U1700"]
[Site "Montreal CAN"]
[Date "2016.07.29"]
[Round "8.61"]
[White "Chang, Alexander"]
[Black "Tremblay, Mario"]
[Result "1/2-1/2"]
[WhiteElo "1396"]
[BlackElo "1631"]
[PlyCount "162"]
[EventDate "2016.07.23"]
[EventType "swiss"]
[EventRounds "8"]
[EventCountry "CAN"]

1. e4 e5 2. Nf3 Nc6 3. Bb5 f5 4. exf5 e4 5. Qe2 Qe7 6. Ng1 Nf6 7. c3 d5 8. d4
Bxf5 9. Bf4 Qd7 10. h3 O-O-O 11. Qd1 Bd6 12. Bxd6 Qxd6 13. Qa4 a6 14. Bxc6 Qxc6
15. Qxc6 bxc6 16. Nd2 Rhe8 17. Nf1 c5 18. Ne3 Bg6 19. Ne2 cxd4 20. cxd4 Re6 21.
Rc1 Rb6 22. b3 Be8 23. Nc3 Rb4 24. Nc2 Rb6 25. Kd2 Bb5 26. Nxb5 Rxb5 27. b4 e3+
28. Kxe3 Re8+ 29. Kd3 Ne4 30. Rhf1 Rf8 31. f3 Nd6 32. Kc3 a5 33. a4 axb4+ 34.
Nxb4 Ra5 35. Ra1 c5 36. Nc6 cxd4+ 37. Kxd4 Nf5+ 38. Kd3 Rc5 39. Rfc1 Rxc1 40.
Rxc1 Kb7 41. Nb4 Ra8 42. Ra1 Ra5 43. Nc2 Nh4 44. Ne3 Ng6 45. Kd4 Kc6 46. g3 Nf8
47. Rc1+ Kd7 48. Ke5 Ng6+ 49. Kd4 Nf8 50. f4 Ne6+ 51. Kd3 Nc5+ 52. Ke2 Ne4 53.
Kf3 Nd2+ 54. Kg4 d4 55. Nc4 Rc5 56. Ne5+ Kd6 57. Rxc5 Kxc5 58. Nf3 Ne4 59. Ne1
Kc4 60. Kf3 Nc5 61. Ke2 Nxa4 62. Kd2 Nc5 63. g4 Ne4+ 64. Ke2 d3+ 65. Nxd3 Nc3+
66. Kd2 Kd4 67. Nf2 Ne4+ 68. Ke2 g6 69. Kf3 Nd2+ 70. Kg3 Ne4+ 71. Nxe4 Kxe4 72.
g5 Ke3 73. Kg4 Ke4 74. h4 Kd5 75. f5 Kd6 76. f6 Ke6 77. h5 Kf7 78. h6 Ke6 79.
Kf4 Kd6 80. Ke4 Ke6 81. Kd4 Kd6 1/2-1/2

[Event "Quebec op U1700"]
[Site "Montreal CAN"]
[Date "2016.07.29"]
[Round "8.62"]
[White "Kuleshova, Julia"]
[Black "Richard, Leo"]
[Result "0-1"]
[WhiteElo "1553"]
[BlackElo "1475"]
[PlyCount "90"]
[EventDate "2016.07.23"]
[EventType "swiss"]
[EventRounds "8"]
[EventCountry "CAN"]

1. e4 c5 2. Nf3 Nc6 3. d4 cxd4 4. Nxd4 g6 5. Nc3 Bg7 6. Be3 Nf6 7. Bc4 Qa5 8.
O-O O-O 9. f3 d6 10. Re1 Bd7 11. a3 a6 12. Bb3 Nxd4 13. Bxd4 Bc6 14. Qe2 Nd7
15. Bxg7 Kxg7 16. Rad1 Nc5 17. Bd5 Qb6 18. Bxc6 bxc6 19. b4 Nxe4+ 20. Qe3 Qxe3+
21. Rxe3 Nxc3 22. Rxc3 Rac8 23. Kf2 Rc7 24. Rd4 Rfc8 25. Rdc4 e5 26. Ke2 f5 27.
Re3 Kf6 28. h4 d5 29. Rc5 e4 30. fxe4 fxe4 31. c3 Ke5 32. g3 Kd6 33. Ra5 Ra7
34. Rc5 a5 35. Rxa5 Rxa5 36. bxa5 Ra8 37. c4 Rxa5 38. cxd5 cxd5 39. Rb3 Ke5 40.
Ke3 Ra7 41. Ke2 Ra5 42. Kd2 Kd4 43. Rb4+ Kc5 44. Rb3 Rb5 45. Rc3+ Kd4 0-1

[Event "Quebec op U1700"]
[Site "Montreal CAN"]
[Date "2016.07.29"]
[Round "8.63"]
[White "Perreault, Jacques"]
[Black "Legault, Simon"]
[Result "0-1"]
[WhiteElo "1389"]
[BlackElo "1399"]
[PlyCount "70"]
[EventDate "2016.07.23"]
[EventType "swiss"]
[EventRounds "8"]
[EventCountry "CAN"]

1. Nf3 d5 2. c4 d4 3. e3 Nc6 4. exd4 Nxd4 5. Nxd4 Qxd4 6. Nc3 Bg4 7. Qa4+ Bd7
8. Qb3 O-O-O 9. Ne2 Qd6 10. d4 e6 11. c5 Qd5 12. Be3 Nf6 13. f3 Qxb3 14. axb3
Kb8 15. Nc3 Nd5 16. Bf2 Nb4 17. Rd1 Nc2+ 18. Kd2 Nb4 19. Bc4 Bc6 20. Kc1 Be7
21. Rhe1 Rhe8 22. Ne4 Bd5 23. Re2 f5 24. Nc3 g5 25. Rde1 Bxc4 26. bxc4 Nd3+ 27.
Kc2 Nxe1+ 28. Rxe1 Bf6 29. Ne2 c6 30. b4 e5 31. Rd1 exd4 32. Nxd4 Bxd4 33. Bxd4
Re2+ 34. Kc3 Rde8 35. Bf6 Rxg2 0-1

[Event "Quebec op U1700"]
[Site "Montreal CAN"]
[Date "2016.07.29"]
[Round "8.65"]
[White "Bergeron, Jean-Guy"]
[Black "Nanescu, Marin"]
[Result "0-1"]
[WhiteElo "1453"]
[BlackElo "1403"]
[Annotator ",Microsoft"]
[PlyCount "78"]
[EventDate "2016.07.23"]
[EventType "swiss"]
[EventRounds "8"]
[EventCountry "CAN"]

1. c4 c5 2. Nf3 Nc6 3. d4 cxd4 4. Nxd4 Nxd4 5. Qxd4 Nf6 6. e4 d6 7. Nc3 g6 8.
Bf4 Bg7 9. Qd2 O-O 10. Bh6 Be6 11. Bxg7 Kxg7 12. Bd3 Qc7 13. Nd5 Qd7 14. Nxf6
exf6 15. O-O Rac8 16. b3 h5 17. Rad1 Rh8 18. Be2 Rhd8 19. Qb2 Qe7 20. f4 Bd7
21. Bf3 Bc6 22. Rfe1 Rh8 23. e5 dxe5 24. Bxc6 Rxc6 25. fxe5 Re6 26. exf6+ Qxf6
27. Qd2 Rxe1+ 28. Rxe1 Rd8 29. Qe2 Qd4+ 30. Kf1 Rd6 31. Qe5+ Qxe5 32. Rxe5 Kf6
33. Re2 Rd7 34. Rc2 Ke5 35. c5 Ke6 36. b4 Rd4 37. a3 a5 38. Rb2 axb4 39. axb4
Kd5 {etc.} 0-1

[Event "Quebec op U1700"]
[Site "Montreal CAN"]
[Date "2016.07.29"]
[Round "8.66"]
[White "Page, Dany"]
[Black "Wang, Isabelle"]
[Result "1/2-1/2"]
[WhiteElo "1291"]
[BlackElo "1335"]
[PlyCount "61"]
[EventDate "2016.07.23"]
[EventType "swiss"]
[EventRounds "8"]
[EventCountry "CAN"]

1. c4 c5 2. g3 e5 3. Bg2 d6 4. Nc3 Nf6 5. Nf3 Nc6 6. O-O Be7 7. d3 O-O 8. Bg5
Be6 9. Bxf6 Bxf6 10. Nd2 Rb8 11. Rb1 Qd7 12. e3 Bh3 13. Nde4 Be7 14. Nd5 Bxg2
15. Kxg2 f5 16. Nec3 Bg5 17. Qh5 Bh6 18. f4 exf4 19. Nxf4 Bxf4 20. Rxf4 Ne5 21.
Qe2 a6 22. Rbf1 Rbe8 23. Nd5 g6 24. b3 Qc6 25. Kg1 b5 26. Rd1 Nd7 27. Qg2 Qc8
28. Qh3 Qd8 29. Rh4 Rf7 30. Re1 Ne5 31. Qf1 1/2-1/2

[Event "Quebec op U1700"]
[Site "Montreal CAN"]
[Date "2016.07.29"]
[Round "8.67"]
[White "Dion, Yves"]
[Black "Grenier, Marcel"]
[Result "0-1"]
[WhiteElo "1431"]
[BlackElo "1528"]
[PlyCount "84"]
[EventDate "2016.07.23"]
[EventType "swiss"]
[EventRounds "8"]
[EventCountry "CAN"]

1. b3 e5 2. Bb2 Nc6 3. c4 Nf6 4. e3 d6 5. a3 Be7 6. Nc3 a6 7. Bd3 O-O 8. Nf3
Bg4 9. h3 Bh5 10. O-O Bg6 11. Bxg6 fxg6 12. d3 Qd7 13. Nd5 Nxd5 14. cxd5 Na7
15. a4 g5 16. Nh2 Nc8 17. e4 c6 18. Rc1 cxd5 19. exd5 Nb6 20. Qg4 Qxg4 21. Nxg4
Nxd5 22. Ba3 Rac8 23. Rc4 h5 24. Ne3 Nxe3 25. fxe3 Rxf1+ 26. Kxf1 Rxc4 27. dxc4
Kf7 28. g4 hxg4 29. hxg4 e4 30. Ke2 Ke6 31. Kd2 Bd8 32. c5 dxc5 33. Bxc5 Bf6
34. Bd4 Bxd4 35. exd4 Kd5 36. Ke3 b5 37. a5 b4 38. Kd2 Kxd4 39. Ke2 Kc3 40. Ke3
Kxb3 41. Kxe4 Kc2 42. Kd5 b3 0-1

[Event "Quebec op U1700"]
[Site "Montreal CAN"]
[Date "2016.07.29"]
[Round "8.68"]
[White "Pellerin-Leclerc, Jonathan"]
[Black "Burnuk, Arno"]
[Result "1-0"]
[WhiteElo "1339"]
[BlackElo "1378"]
[PlyCount "87"]
[EventDate "2016.07.23"]
[EventType "swiss"]
[EventRounds "8"]
[EventCountry "CAN"]

1. e4 e5 2. Nf3 Nc6 3. d4 exd4 4. Nxd4 Bc5 5. Be3 Nxd4 6. Bxd4 Bxd4 7. Qxd4 Qg5
8. Nc3 Ne7 9. g3 O-O 10. Bg2 Nc6 11. Qa4 d6 12. O-O Be6 13. Nd5 Bxd5 14. exd5
Ne7 15. Rad1 Qf6 16. Rfe1 Nf5 17. c3 Nh6 18. Re2 a6 19. Rde1 b5 20. Qa5 Qd8 21.
Bh3 f5 22. b3 f4 23. Re7 fxg3 24. hxg3 Nf5 25. Bxf5 Rxf5 26. Qxc7 Qf8 27. Qxd6
Rxf2 28. Qe6+ Rf7 29. d6 Rd8 30. Ra7 Ra8 31. Rxf7 Qxf7 32. Qg4 Qa7+ 33. Kh2 Qf7
34. Qd4 Rd8 35. Re7 Rxd6 36. Qxd6 Qf2+ 37. Kh3 Qf5+ 38. Kg2 Qc2+ 39. Kf3 Qf5+
40. Ke3 Qg5+ 41. Kd4 Qd2+ 42. Kc5 Qf2+ 43. Kc6 Qf3+ 44. Kb6 1-0

[Event "Quebec op U2000"]
[Site "Montreal CAN"]
[Date "2016.07.23"]
[Round "1.29"]
[White "Shah, Omar"]
[Black "Villeneuve, Benoit"]
[Result "1-0"]
[WhiteElo "1973"]
[BlackElo "1795"]
[PlyCount "71"]
[EventDate "2016.07.23"]
[EventType "swiss"]
[EventRounds "8"]
[EventCountry "CAN"]

1. e4 c5 2. Nf3 d6 3. d4 cxd4 4. Nxd4 Nf6 5. Nc3 a6 6. Be3 e5 7. Nb3 Be6 8. Be2
Nc6 9. O-O Be7 10. f4 O-O 11. f5 Bxb3 12. axb3 Nb4 13. Bc4 b5 14. Bd5 Nbxd5 15.
Nxd5 Nxe4 16. Bb6 Qd7 17. Re1 Nf6 18. Rxe5 Nxd5 19. Rxd5 Qc6 20. Be3 Rfd8 21.
c3 Bf6 22. Bf4 Qb6+ 23. Kh1 Qf2 24. Qd2 Qxd2 25. Bxd2 Be5 26. b4 f6 27. Be3 Kf7
28. Rad1 Rac8 29. Bb6 Rd7 30. Ra1 Rc6 31. Rxa6 Rb7 32. Rxb5 Ke8 33. Ra8+ Kd7
34. Ra7 Rxa7 35. Bxa7 Ra6 36. Ra5 1-0

[Event "Quebec op U2000"]
[Site "Montreal CAN"]
[Date "2016.07.23"]
[Round "1.30"]
[White "Zumsteg, Nicolas"]
[Black "Joyal, Bruno"]
[Result "0-1"]
[WhiteElo "1793"]
[BlackElo "1925"]
[PlyCount "78"]
[EventDate "2016.07.23"]
[EventType "swiss"]
[EventRounds "8"]
[EventCountry "CAN"]

1. e4 e5 2. Nf3 Nc6 3. Bc4 Nf6 4. Ng5 d5 5. exd5 Na5 6. Bb5+ c6 7. dxc6 bxc6 8.
Be2 h6 9. Nf3 e4 10. Ne5 Qd4 11. f4 Bc5 12. Rf1 Nb7 13. c3 Qd8 14. d4 exd3 15.
Qxd3 Qc7 16. Be3 Bd6 17. Nd2 O-O 18. Ne4 Nd5 19. Nxd6 Nxd6 20. Bc5 Rd8 21. Bxd6
Qxd6 22. O-O-O a5 23. c4 Ba6 24. Qc2 Qc5 25. Rf3 Nxf4 26. Rxd8+ Rxd8 27. Nd3
Nxe2+ 28. Qxe2 Qxc4+ 29. Qc2 Rxd3 30. Rxd3 Qxd3 31. Qxc6 Qc4+ 32. Qxc4 Bxc4 33.
b3 Bd5 34. g3 g5 35. Kd2 f5 36. Ke3 Kf7 37. h4 Kf6 38. Kd4 gxh4 39. gxh4 Ke6
0-1

[Event "Quebec op U2000"]
[Site "Montreal CAN"]
[Date "2016.07.23"]
[Round "1.31"]
[White "Perna-Fraser, David"]
[Black "Chevalier, Francois"]
[Result "1-0"]
[WhiteElo "1919"]
[BlackElo "1779"]
[PlyCount "89"]
[EventDate "2016.07.23"]
[EventType "swiss"]
[EventRounds "8"]
[EventCountry "CAN"]

1. e4 c6 2. d4 d5 3. Nc3 dxe4 4. Nxe4 Bf5 5. Ng3 Bg6 6. h4 h6 7. h5 Bh7 8. Nf3
Nf6 9. Bd3 Bxd3 10. Qxd3 e6 11. Bd2 Be7 12. O-O-O c5 13. Be3 Nbd7 14. Ne4 Qc7
15. Nxf6+ Bxf6 16. dxc5 O-O-O 17. Qd6 Rhe8 18. Rd3 Be7 19. Qxc7+ Kxc7 20. Bf4+
Kc8 21. Re1 Bf6 22. Bd6 Be7 23. Ra3 Bxd6 24. cxd6 Kb8 25. Rc3 Rc8 26. Ree3 Red8
27. Rxc8+ Rxc8 28. Ne5 Nxe5 29. Rxe5 Rc6 30. Re3 Rxd6 31. Rg3 Rd5 32. Rxg7 Rxh5
33. Rxf7 Rg5 34. g3 h5 35. Kd2 Re5 36. c4 Kc8 37. b4 a6 38. a4 a5 39. b5 Rg5
40. Kd3 Rg4 41. Rh7 Rg5 42. b6 e5 43. Ke4 Rg4+ 44. Kd5 Rd4+ 45. Ke6 1-0

[Event "Quebec op U2000"]
[Site "Montreal CAN"]
[Date "2016.07.23"]
[Round "1.32"]
[White "Gauthier, Luc"]
[Black "Germain, Michel"]
[Result "1/2-1/2"]
[WhiteElo "1775"]
[BlackElo "1916"]
[PlyCount "74"]
[EventDate "2016.07.23"]
[EventType "swiss"]
[EventRounds "8"]
[EventCountry "CAN"]

1. e4 d5 2. exd5 Qxd5 3. Nf3 Nf6 4. d4 Bg4 5. Be2 Nc6 6. c4 Qd7 7. Be3 e6 8.
Nc3 Bb4 9. a3 Bxc3+ 10. bxc3 O-O 11. O-O Ne4 12. Qc2 f5 13. Bf4 h6 14. Rfe1 Nd6
15. Ne5 Nxe5 16. Bxe5 Bxe2 17. Qxe2 Rae8 18. Qd3 Qc6 19. c5 Ne4 20. f3 Nf6 21.
Re2 Rd8 22. Qe3 Nd5 23. Qd2 b5 24. Qe1 f4 25. Bxg7 Rf7 26. Rxe6 Qd7 27. Bxh6
Nxc3 28. Qe5 Qxd4+ 29. Qxd4 Rxd4 30. Rae1 a5 31. Re8+ Kh7 32. Bf8 b4 33. R1e6
Rxf8 34. Rxf8 bxa3 35. Rf7+ Kg8 36. Rxc7 Rd1+ 37. Kf2 Rd2+ 1/2-1/2

[Event "Quebec op U2000"]
[Site "Montreal CAN"]
[Date "2016.07.23"]
[Round "1.33"]
[White "Morin, Louis"]
[Black "El-Adraoui, Mourad"]
[Result "1-0"]
[WhiteElo "1907"]
[BlackElo "1768"]
[PlyCount "53"]
[EventDate "2016.07.23"]
[EventType "swiss"]
[EventRounds "8"]
[EventCountry "CAN"]

1. e4 c5 2. Nf3 d6 3. c3 Nf6 4. Be2 g6 5. O-O Bg7 6. Re1 O-O 7. d3 Nbd7 8. Nbd2
b6 9. d4 e5 10. dxe5 dxe5 11. Bc4 Qe7 12. Nf1 h6 13. Ng3 Rb8 14. Qe2 Bb7 15.
Nh4 Kh7 16. Nhf5 gxf5 17. Nxf5 Qe8 18. Qe3 Ng8 19. Qg3 Bf6 20. Qh3 Bg7 21. Re3
Bxe4 22. Rxe4 Ndf6 23. Rh4 Qd7 24. Bxh6 Nxh6 25. Rxh6+ Kg8 26. Rxf6 Rfd8 27.
Qg4 1-0

[Event "Quebec op U2000"]
[Site "Montreal CAN"]
[Date "2016.07.23"]
[Round "1.34"]
[White "Blanchet, Robert"]
[Black "Deschamps, Richard"]
[Result "1-0"]
[WhiteElo "1767"]
[BlackElo "1905"]
[PlyCount "73"]
[EventDate "2016.07.23"]
[EventType "swiss"]
[EventRounds "8"]
[EventCountry "CAN"]

1. e4 c5 2. Nf3 d6 3. d4 Nf6 4. Nc3 cxd4 5. Nxd4 a6 6. Be2 g6 7. Be3 Bg7 8. f3
Nc6 9. Qd2 Bd7 10. Nd5 Rc8 11. O-O-O O-O 12. g4 b5 13. h4 Nxd5 14. Nxc6 Bxc6
15. exd5 Bd7 16. h5 a5 17. Bh6 Bh8 18. hxg6 fxg6 19. f4 b4 20. f5 a4 21. fxg6
hxg6 22. Qd3 Rf6 23. Bg5 Qf8 24. Kb1 Qg7 25. Rh6 Rf5 26. Bc1 b3 27. axb3 a3 28.
Rdh1 axb2 29. Rxh8+ Kf7 30. R8h7 bxc1=Q+ 31. Kxc1 Rf4 32. R1h6 Rf6 33. Qh3 Rg8
34. Rxg7+ Rxg7 35. Rh7 Rf4 36. b4 Rxb4 37. Rxg7+ 1-0

[Event "Quebec op U2000"]
[Site "Montreal CAN"]
[Date "2016.07.23"]
[Round "1.35"]
[White "Cisse, Lamine"]
[Black "Nica, Ion"]
[Result "1-0"]
[WhiteElo "1898"]
[BlackElo "1753"]
[PlyCount "45"]
[EventDate "2016.07.23"]
[EventType "swiss"]
[EventRounds "8"]
[EventCountry "CAN"]

1. e4 d5 2. exd5 Nf6 3. d4 Bg4 4. Be2 Bxe2 5. Qxe2 Qxd5 6. Nf3 e6 7. O-O Nc6 8.
Nc3 Qh5 9. Bf4 O-O-O 10. Rfd1 Rd7 11. a4 Qf5 12. Be5 Ng4 13. Bg3 g5 14. a5 a6
15. Ne4 Rg8 16. c4 h5 17. h3 Nf6 18. Nxf6 Qxf6 19. d5 g4 20. dxc6 Rxd1+ 21.
Qxd1 gxf3 22. Qd7+ Kb8 23. Qxc7+ 1-0

[Event "Quebec op U2000"]
[Site "Montreal CAN"]
[Date "2016.07.23"]
[Round "1.36"]
[White "Kozlov, Guennadi"]
[Black "De Lagrave, Sylvain"]
[Result "0-1"]
[WhiteElo "1747"]
[BlackElo "1895"]
[PlyCount "104"]
[EventDate "2016.07.23"]
[EventType "swiss"]
[EventRounds "8"]
[EventCountry "CAN"]

1. e4 c5 2. c3 d5 3. exd5 Qxd5 4. d4 Nc6 5. dxc5 Qxd1+ 6. Kxd1 Bf5 7. Be3
O-O-O+ 8. Kc1 Nf6 9. Nf3 Ng4 10. Nbd2 e5 11. b4 Be7 12. h3 Nxe3 13. fxe3 Bd3
14. Nc4 Bxc4 15. Bxc4 e4 16. Nd4 Ne5 17. Be2 Bg5 18. Kd2 f5 19. Raf1 Rhf8 20.
g3 g6 21. h4 Bh6 22. Rh2 Nc6 23. h5 Nxd4 24. cxd4 Rxd4+ 25. Kc3 Bxe3 26. hxg6
hxg6 27. Rd1 Rfd8 28. Rxd4 Bxd4+ 29. Kc2 Be5 30. Rh6 Bxg3 31. Rxg6 f4 32. Bg4+
Kb8 33. Re6 e3 34. Re4 a6 35. a4 Ka7 36. b5 axb5 37. axb5 Rd5 38. b6+ Ka6 39.
Be2+ Ka5 40. Kb3 Rxc5 41. Ra4+ Kxb6 42. Rb4+ Kc7 43. Bf3 b6 44. Re4 Kd6 45. Rb4
b5 46. Rd4+ Ke5 47. Re4+ Kf5 48. Kb4 Rc1 49. Kxb5 Rf1 50. Bg2 Rf2 51. Bh1 e2
52. Kc4 Rh2 0-1